|
|
|
|
| LEADER |
00000nab#a22000007a#4500 |
| 001 |
arbauad026855 |
| 003 |
AR-BaUAD |
| 005 |
20250711112217.0 |
| 008 |
970516|||||||||###||||||b###|0###a|spa|| |
| 040 |
|
|
|a AR-BaUAD
|c AR-BaUAD
|b spa
|
| 100 |
|
|
|a Biosi, Antonella
|
| 245 |
|
|
|a Progetto di dettagli /
|c Antonella Biosi;
|
| 300 |
0 |
|
|b fot., axonm.
|
| 653 |
|
|
|a ITALIA
|
| 653 |
|
|
|a MILAN
|
| 653 |
|
|
|a NEGRI, ANTONELLA
|
| 653 |
|
|
|a STERGAR, DONATELLA
|
| 653 |
|
|
|a OFICINAS
|
| 653 |
|
|
|a DISEÑO DE INTERIORES
|
| 653 |
|
|
|a DISEÑO INDUSTRIAL
|
| 773 |
0 |
|
|t INTERNI
|g no. 468 [mar. 1997], p. 100-105
|
| 942 |
|
|
|c ARTI
|
| 952 |
|
|
|0 0
|1 0
|4 0
|7 0
|9 71774
|a AR-BAuAD
|b AR-BAuAD
|d 2025-07-11
|l 0
|p AAQA026855
|r 2025-07-11 11:22:17
|w 2025-07-11
|y ARTI
|
| 990 |
|
|
|a DI199
|b TD
|
| 990 |
|
|
|a AQ199
|b TD
|
| 998 |
|
|
|a AAQ
|b BIBUN76
|
| 999 |
|
|
|c 51447
|d 51447
|